[Event "Zonal Oceania 2009"]
[Site "Tweed Heads AUS"]
[Date "2009.06.21"]
[Round "3.1"]
[White "Zhao, Zong Yuan"]
[Black "Rej, Tomek"]
[Result "1/2-1/2"]
[WhiteElo "2583"]
[BlackElo "2308"]
[PlyCount "110"]
[EventDate "2009.06.20"]
[EventType "swiss"]
[EventRounds "9"]
[EventCountry "AUS"]
[Source "lmi"]
[SourceDate "2009.06.20"]

1. Nf3 d5 2. d4 c6 3. c4 e6 4. e3 f5 5. Ne5 Nf6 6. Nc3 Bd6 7. Be2 Nbd7 8. f4
O-O 9. O-O Ne4 10. a4 a5 11. Qc2 Ndf6 12. Nxe4 Nxe4 13. b3 Qe7 14. Bb2 Bd7 15.
Kh1 Rf6 16. Bf3 Be8 17. g4 Bg6 18. Bxe4 dxe4 19. Nxg6 Rxg6 20. Rg1 Rxg4 21.
Rxg4 fxg4 22. Qxe4 Qf6 23. Qg2 Qf5 24. Rd1 Rd8 25. Bc1 Bc7 26. e4 Qh5 27. Be3
e5 28. fxe5 Bxe5 29. Rd2 Bf6 30. Bg1 Qg5 31. Rd3 h6 32. Qe2 Qg6 33. Bf2 h5 34.
Rd1 Re8 35. e5 c5 36. Qd3 Qxd3 37. Rxd3 Bg5 38. d5 Rxe5 39. Bxc5 Re1+ 40. Bg1
Bh4 41. Kg2 Re2+ 42. Kf1 Re1+ 43. Kg2 Re2+ 44. Kh1 Re1 45. Re3 Rb1 46. Re2 Rxb3
47. c5 Bf6 48. Re8+ Kf7 49. Rb8 Rb4 50. Bf2 h4 51. Kg2 h3+ 52. Kf1 Rb1+ 53. Ke2
Rb2+ 54. Kf1 Rb1+ 55. Ke2 Rb2+ 1/2-1/2

[Event "Zonal Oceania 2009"]
[Site "Tweed Heads AUS"]
[Date "2009.06.21"]
[Round "3.3"]
[White "Solomon, Stephen"]
[Black "Rujevic, Mirko"]
[Result "1-0"]
[WhiteElo "2455"]
[BlackElo "2282"]
[PlyCount "91"]
[EventDate "2009.06.20"]
[EventType "swiss"]
[EventRounds "9"]
[EventCountry "AUS"]
[Source "lmi"]
[SourceDate "2009.06.20"]

1. e4 e5 2. Nf3 Nc6 3. Bc4 d6 4. d4 Bg4 5. c3 Qf6 6. Be3 Bxf3 7. gxf3 Nge7 8.
Rg1 h6 9. Qa4 exd4 10. cxd4 O-O-O 11. Nc3 a6 12. f4 d5 13. Nxd5 Nxd5 14. Bxd5
Nb4 15. e5 Qf5 16. Bf3 Qc2 17. Qxc2 Nxc2+ 18. Ke2 Nxd4+ 19. Bxd4 Rxd4 20. f5
Bc5 21. Rac1 Bb6 22. Rxg7 Re8 23. e6 fxe6 24. Bh5 Rf8 25. fxe6 Rxf2+ 26. Kxf2
Rg4+ 27. Kf3 Rxg7 28. Ke4 c6 29. Rf1 Bd8 30. Rf7 Rxf7 31. exf7 Be7 32. Kf5 Kd7
33. Kg6 Bf8 34. Kh7 b6 35. Kg8 Ke7 36. h4 a5 37. Bf3 h5 38. Bxc6 Bh6 39. Bf3
Bf8 40. Bxh5 Bh6 41. a4 Bf8 42. Be2 Bh6 43. b3 Bf8 44. Bc4 Bh6 45. Kh7 Bf8 46.
Kg6 1-0

[Event "Zonal Oceania 2009"]
[Site "Tweed Heads AUS"]
[Date "2009.06.21"]
[Round "3.4"]
[White "Smith, Robert"]
[Black "Lane, Gary"]
[Result "1/2-1/2"]
[WhiteElo "2274"]
[BlackElo "2371"]
[PlyCount "52"]
[EventDate "2009.06.20"]
[EventType "swiss"]
[EventRounds "9"]
[EventCountry "AUS"]
[Source "lmi"]
[SourceDate "2009.06.20"]

1. e4 e5 2. Nf3 Nc6 3. Bc4 Bc5 4. c3 Nf6 5. d4 exd4 6. cxd4 Bb4+ 7. Bd2 Bxd2+
8. Nbxd2 d5 9. exd5 Nxd5 10. Qb3 Nce7 11. O-O O-O 12. Rfe1 c6 13. Ne4 Rb8 14.
Nc5 Bf5 15. Ne5 b6 16. Na6 Rc8 17. Rac1 Qd6 18. a3 Be6 19. Nb4 Rfd8 20. Bxd5
cxd5 21. Qe3 h6 22. h3 a5 23. Na2 Nf5 24. Qd2 Nh4 25. Qf4 Nf5 26. Qd2 Nh4
1/2-1/2

[Event "Zonal Oceania 2009"]
[Site "Tweed Heads AUS"]
[Date "2009.06.21"]
[Round "3.5"]
[White "West, Guy"]
[Black "Schon, Eugene"]
[Result "1/2-1/2"]
[WhiteElo "2343"]
[BlackElo "2186"]
[PlyCount "53"]
[EventDate "2009.06.20"]
[EventType "swiss"]
[EventRounds "9"]
[EventCountry "AUS"]
[Source "lmi"]
[SourceDate "2009.06.20"]

1. c4 e5 2. g3 Nf6 3. Bg2 h6 4. Nc3 Bb4 5. e4 Bxc3 6. dxc3 d6 7. Ne2 b6 8. O-O
Bb7 9. f3 a5 10. Be3 Qd7 11. a4 O-O 12. Qd2 Qe6 13. b3 Nbd7 14. g4 Nc5 15. Rab1
c6 16. Ng3 d5 17. Nf5 dxe4 18. Bxc5 bxc5 19. fxe4 Nxg4 20. Bh3 Rad8 21. Qg2 h5
22. Bxg4 hxg4 23. Qxg4 Qf6 24. Rf3 Bc8 25. Rbf1 Bxf5 26. Rxf5 Qe6 27. Qg3
1/2-1/2

[Event "Zonal Oceania 2009"]
[Site "Tweed Heads AUS"]
[Date "2009.06.21"]
[Round "3.6"]
[White "Scott, Ronald"]
[Black "Ly, Moulthun"]
[Result "1/2-1/2"]
[WhiteElo "2261"]
[BlackElo "2340"]
[PlyCount "57"]
[EventDate "2009.06.20"]
[EventType "swiss"]
[EventRounds "9"]
[EventCountry "AUS"]
[Source "lmi"]
[SourceDate "2009.06.20"]

1. e4 Nf6 2. Nf3 g6 3. c4 Bg7 4. Nc3 O-O 5. g3 d6 6. Bg2 e5 7. O-O a5 8. Ne1 h6
9. d3 Na6 10. Nc2 Qe8 11. Nd5 Nh7 12. Bg5 h5 13. Nd4 Bh6 14. b4 Bd7 15. Bd2 Be3
16. Qe2 Bh6 17. Rac1 g5 18. c5 f5 19. f4 axb4 20. Be3 Nf6 21. cxd6 h4 22. a4 c6
23. Rc5 Rb8 24. g4 Qc8 25. Ra5 Ra8 26. Rxa6 b5 27. Rb1 Rxa6 28. Nxf5 Kh7 29.
Qd1 1/2-1/2

[Event "Zonal Oceania 2009"]
[Site "Tweed Heads AUS"]
[Date "2009.06.21"]
[Round "3.7"]
[White "Chan, Jason"]
[Black "Canfell, Gregory"]
[Result "0-1"]
[WhiteElo "2056"]
[BlackElo "2327"]
[PlyCount "56"]
[EventDate "2009.06.20"]
[EventType "swiss"]
[EventRounds "9"]
[EventCountry "AUS"]
[Source "lmi"]
[SourceDate "2009.06.20"]

1. e4 c5 2. Nf3 e6 3. d3 Nc6 4. g3 d5 5. Nbd2 Bd6 6. Bg2 Nge7 7. O-O O-O 8. Nh4
b6 9. f4 dxe4 10. dxe4 e5 11. f5 f6 12. Kh1 Rb8 13. Rg1 b5 14. a4 a6 15. axb5
axb5 16. Ndf3 c4 17. Be3 Bc7 18. Qxd8 Rxd8 19. c3 Na5 20. Ne1 Bb7 21. Nc2 Nb3
22. Rad1 Nc6 23. Bf3 Rd3 24. Be2 Nca5 25. Bxd3 cxd3 26. Nb4 Bxe4+ 27. Ng2 Nc4
28. Bf2 d2 0-1

[Event "Zonal Oceania 2009"]
[Site "Tweed Heads AUS"]
[Date "2009.06.21"]
[Round "3.8"]
[White "Marcos, Joselito"]
[Black "Xie, George"]
[Result "0-1"]
[WhiteElo "2200"]
[BlackElo "2402"]
[PlyCount "82"]
[EventDate "2009.06.20"]
[EventType "swiss"]
[EventRounds "9"]
[EventCountry "AUS"]
[Source "lmi"]
[SourceDate "2009.06.20"]

1. d4 e6 2. Nf3 c5 3. c3 Nf6 4. Bg5 h6 5. Bh4 b6 6. Nbd2 Bb7 7. e3 Be7 8. Bd3
O-O 9. O-O cxd4 10. exd4 Nd5 11. Bg3 f5 12. h3 f4 13. Bh2 Nc6 14. Qe2 Bd6 15.
Ne4 Bb8 16. a3 Nde7 17. Rfe1 a5 18. Rad1 Nf5 19. Bb1 Nh4 20. Nxh4 Qxh4 21. Nd2
Ne7 22. Nf3 Bxf3 23. Qxf3 Bd6 24. Qe4 Qg5 25. Rd3 Nf5 26. f3 Rab8 27. Re2 b5
28. Rd1 g6 29. Qc2 Rfc8 30. Re4 b4 31. axb4 axb4 32. c4 Nh4 33. Qe2 Rxc4 34.
Bxf4 Bxf4 35. Rxf4 Qxf4 36. Qxc4 Nxf3+ 37. gxf3 Qg3+ 38. Kh1 Qxh3+ 39. Kg1 Qg3+
40. Kh1 Qxf3+ 41. Kg1 Qxd1+ 0-1

[Event "Zonal Oceania 2009"]
[Site "Tweed Heads AUS"]
[Date "2009.06.21"]
[Round "3.10"]
[White "Morris, James"]
[Black "Steadman, Michael"]
[Result "1-0"]
[WhiteElo "2114"]
[BlackElo "2262"]
[PlyCount "79"]
[EventDate "2009.06.20"]
[EventType "swiss"]
[EventRounds "9"]
[EventCountry "AUS"]
[Source "lmi"]
[SourceDate "2009.06.20"]

1. e4 c5 2. Nf3 d6 3. c4 e5 4. Nc3 Nc6 5. g3 g6 6. Bg2 Bg7 7. O-O Nge7 8. Ne1
Be6 9. d3 h5 10. Nc2 Qd7 11. Nd5 Nd4 12. Bg5 Ng8 13. Nxd4 cxd4 14. b4 f6 15.
Bd2 h4 16. Qe2 Bh6 17. Bxh6 Rxh6 18. Rac1 Kf7 19. c5 Ne7 20. f4 hxg3 21. hxg3
Bxd5 22. fxe5 dxe5 23. exd5 Kg7 24. Qf3 Rf8 25. d6 Nc6 26. b5 Na5 27. a4 Qe6
28. c6 bxc6 29. bxc6 Qxd6 30. c7 Rhh8 31. Qd5 Qa6 32. Rc5 Qxd3 33. Qd7+ Rf7 34.
c8=Q Rxc8 35. Qxc8 Qxg3 36. Rxa5 Qe3+ 37. Kh2 Qh6+ 38. Qh3 Qd2 39. Ra6 Qg5 40.
Bd5 1-0

[Event "Zonal Oceania 2009"]
[Site "Tweed Heads AUS"]
[Date "2009.06.21"]
[Round "3.11"]
[White "Ambrus, Endre"]
[Black "Nakauchi, Gene"]
[Result "1-0"]
[WhiteElo "2375"]
[BlackElo "2076"]
[PlyCount "107"]
[EventDate "2009.06.20"]
[EventType "swiss"]
[EventRounds "9"]
[EventCountry "AUS"]
[Source "lmi"]
[SourceDate "2009.06.20"]

1. b3 Nf6 2. Bb2 e6 3. e3 b6 4. Be2 Bb7 5. Nf3 Be7 6. O-O O-O 7. d3 c5 8. Nbd2
d6 9. a4 a6 10. Nc4 Nbd7 11. Qd2 Qc7 12. e4 d5 13. e5 dxc4 14. exf6 c3 15. Bxc3
Bxf6 16. Rfe1 Rfd8 17. Ng5 Bxc3 18. Qxc3 Nf6 19. Bf3 Bxf3 20. Nxf3 Nd5 21. Qc4
Nb4 22. Re5 Rac8 23. Rae1 Qb7 24. Rg5 h6 25. Rg3 Qe7 26. Qc3 g6 27. h4 Nd5 28.
Qc4 Qf6 29. Qxa6 Nb4 30. Qc4 Nc6 31. Rg4 Nd4 32. Ne5 Rd5 33. Rge4 h5 34. Qc3
Rcd8 35. Qd2 Nf5 36. Qf4 Rd4 37. Nc6 Rxe4 38. dxe4 Rc8 39. Na7 e5 40. Qf3 Rd8
41. exf5 gxf5 42. Qxh5 Rd2 43. Qg5+ Qxg5 44. hxg5 e4 45. g4 fxg4 46. Rxe4 g3
47. Rc4 gxf2+ 48. Kf1 Kg7 49. Nc8 Kg6 50. Nxb6 Kxg5 51. a5 f5 52. a6 f4 53. a7
f3 54. a8=Q 1-0

[Event "Zonal Oceania 2009"]
[Site "Tweed Heads AUS"]
[Date "2009.06.21"]
[Round "3.12"]
[White "Feldman, Vladimir"]
[Black "Yuan, Yi"]
[Result "1-0"]
[WhiteElo "2298"]
[BlackElo "2010"]
[PlyCount "75"]
[EventDate "2009.06.20"]
[EventType "swiss"]
[EventRounds "9"]
[EventCountry "AUS"]
[Source "lmi"]
[SourceDate "2009.06.20"]

1. d4 Nf6 2. Nf3 g6 3. c4 Bg7 4. Nc3 d6 5. Bg5 h6 6. Bh4 O-O 7. e3 Na6 8. Be2
c5 9. d5 Nc7 10. O-O Rb8 11. e4 g5 12. Bg3 Nh5 13. Qc2 a6 14. a4 Nxg3 15. hxg3
b6 16. Nd2 Bd7 17. Ra3 b5 18. axb5 axb5 19. Nxb5 Bxb5 20. cxb5 Nxb5 21. Bxb5
Rxb5 22. Nc4 Qb8 23. b3 Rb7 24. Na5 Rc7 25. g4 Bd4 26. g3 Qe8 27. Qe2 Qa8 28.
Ra4 Ra7 29. Nc6 Rxa4 30. Nxe7+ Kh7 31. bxa4 Qxa4 32. Qf3 Qa7 33. Nf5 Rd8 34.
Kg2 Bg7 35. Rh1 Kg6 36. Ne7+ Kh7 37. Qf5+ Kh8 38. Qxf7 1-0

[Event "Zonal Oceania 2009"]
[Site "Tweed Heads AUS"]
[Date "2009.06.21"]
[Round "3.13"]
[White "Weller, Tony"]
[Black "Illingworth, Max"]
[Result "0-1"]
[WhiteElo "1987"]
[BlackElo "2243"]
[PlyCount "76"]
[EventDate "2009.06.20"]
[EventType "swiss"]
[EventRounds "9"]
[EventCountry "AUS"]
[Source "lmi"]
[SourceDate "2009.06.20"]

1. c4 e5 2. Nc3 Bb4 3. e3 Bxc3 4. bxc3 d6 5. d4 Nc6 6. Bb2 f5 7. Be2 Nf6 8. Nf3
e4 9. Nd2 O-O 10. O-O Qe8 11. Qc2 b6 12. Rab1 Ba6 13. Rfe1 Na5 14. f3 c5 15.
fxe4 Nxe4 16. Bf3 Nxd2 17. Bxa8 Nxb1 18. Bd5+ Kh8 19. Qxb1 Bxc4 20. e4 Qb5 21.
Bxc4 Nxc4 22. Qd3 fxe4 23. Rf1 Rc8 24. Qe2 cxd4 25. cxd4 d5 26. Qf2 h6 27. Bc1
Qd7 28. Bxh6 gxh6 29. Qh4 Rc6 30. Rf6 Rxf6 31. Qxf6+ Kh7 32. h4 Ne3 33. Qf2 Ng4
34. Qf4 Kg6 35. Qf8 Kh5 36. Qf4 Qe6 37. Qf1 e3 38. Qe2 Qf5 0-1

[Event "Zonal Oceania 2009"]
[Site "Tweed Heads AUS"]
[Date "2009.06.21"]
[Round "3.14"]
[White "Levi, Eddy"]
[Black "Milligan, Helen"]
[Result "1-0"]
[WhiteElo "2216"]
[BlackElo "1985"]
[PlyCount "111"]
[EventDate "2009.06.20"]
[EventType "swiss"]
[EventRounds "9"]
[EventCountry "AUS"]
[Source "lmi"]
[SourceDate "2009.06.20"]

1. e4 e5 2. Bc4 Nf6 3. d3 Nc6 4. Nf3 Be7 5. O-O O-O 6. Nc3 d6 7. h3 Na5 8. Bb3
Nxb3 9. axb3 c6 10. Be3 b6 11. d4 Nd7 12. b4 Bb7 13. Re1 Qe8 14. d5 f5 15. exf5
Rxf5 16. b5 cxd5 17. Nxd5 e4 18. Nxe7+ Qxe7 19. Nd4 Rf7 20. Qg4 Ne5 21. Qe6 Qc7
22. b3 h6 23. Bf4 Bc8 24. Qe8+ Kh7 25. Bxe5 dxe5 26. Nc6 Bb7 27. Qxe5 Bxc6 28.
Qxc7 Rxc7 29. bxc6 Rxc6 30. c4 a5 31. Rxe4 Rd8 32. Rae1 Rd3 33. R4e3 Rcd6 34.
Kf1 Rd2 35. Re6 R2d3 36. Rxd6 Rxd6 37. Ke2 Kg6 38. Rd1 Re6+ 39. Kd3 Rf6 40. Ke3
Re6+ 41. Kd3 Rf6 42. Rd2 h5 43. Ke4 Kf7 44. f4 g6 45. Rd7+ Ke8 46. Rb7 Kd8 47.
g4 hxg4 48. hxg4 Kc8 49. Rg7 Kd8 50. Ke5 Rc6 51. g5 a4 52. bxa4 Rxc4 53. Rxg6
Rxa4 54. Rxb6 Ke7 55. Rb7+ Kf8 56. g6 1-0

[Event "Zonal Oceania 2009"]
[Site "Tweed Heads AUS"]
[Date "2009.06.21"]
[Round "3.15"]
[White "Muller, Jonas"]
[Black "Oliver, Gareth"]
[Result "0-1"]
[WhiteElo "1981"]
[BlackElo "2187"]
[PlyCount "114"]
[EventDate "2009.06.20"]
[EventType "swiss"]
[EventRounds "9"]
[EventCountry "AUS"]
[Source "lmi"]
[SourceDate "2009.06.20"]

1. e4 c5 2. Nf3 d6 3. d4 cxd4 4. Nxd4 Nf6 5. Nc3 g6 6. Be3 Bg7 7. f3 O-O 8. Qd2
Nc6 9. Bc4 Bd7 10. O-O-O Rb8 11. Bb3 Na5 12. Kb1 b5 13. Ka1 Nc4 14. Bxc4 bxc4
15. Rb1 Re8 16. h4 Qa5 17. Nde2 Bc6 18. Bd4 Rbd8 19. g4 e5 20. g5 exd4 21. Nxd4
Nxe4 22. fxe4 Bxe4 23. Nxe4 Qxd2 24. Nxd2 Bxd4 25. Nxc4 d5 26. Nd2 Re2 27. Nf3
Bg7 28. c3 d4 29. Rhd1 d3 30. Rd2 Re3 31. Rf1 Rde8 32. a3 R8e4 33. Kb1 Bf8 34.
b4 Bg7 35. Kb2 Rc4 36. Nd4 Bxd4 37. cxd4 Rxd4 38. Rh1 Ree4 39. Rhd1 Rxh4 40.
Rxd3 Rxd3 41. Rxd3 Rg4 42. Rd5 Re4 43. b5 Re7 44. a4 Kg7 45. Kc3 h6 46. Kd4
hxg5 47. Rxg5 f5 48. Kc5 Kf6 49. Rg1 f4 50. a5 g5 51. b6 axb6+ 52. axb6 Kf5 53.
Kd6 Re6+ 54. Kc5 f3 55. b7 Re8 56. Ra1 Rb8 57. Kc6 Kf4 0-1

[Event "Zonal Oceania 2009"]
[Site "Tweed Heads AUS"]
[Date "2009.06.21"]
[Round "3.16"]
[White "Stead, Kerry"]
[Black "Tan, Kevin"]
[Result "1-0"]
[WhiteElo "2087"]
[BlackElo "1956"]
[PlyCount "41"]
[EventDate "2009.06.20"]
[EventType "swiss"]
[EventRounds "9"]
[EventCountry "AUS"]
[Source "lmi"]
[SourceDate "2009.06.20"]

1. d4 Nf6 2. f3 g6 3. e4 d6 4. Be3 Bg7 5. Qd2 Nc6 6. Nc3 O-O 7. O-O-O a6 8. g4
e5 9. Nge2 b5 10. d5 Na5 11. Ng3 Bd7 12. h4 Rb8 13. h5 g5 14. Bxg5 b4 15. Nb1
Bb5 16. Nf5 Bxf1 17. Rdxf1 c5 18. Qh2 Nc4 19. Nxg7 Kxg7 20. h6+ Kg6 21. Qh4 1-0

[Event "Zonal Oceania 2009"]
[Site "Tweed Heads AUS"]
[Date "2009.06.21"]
[Round "3.18"]
[White "Brown, Andrew"]
[Black "Liu, Yi"]
[Result "1-0"]
[WhiteElo "2085"]
[BlackElo "1938"]
[PlyCount "75"]
[EventDate "2009.06.20"]
[EventType "swiss"]
[EventRounds "9"]
[EventCountry "AUS"]
[Source "lmi"]
[SourceDate "2009.06.20"]

1. d4 d5 2. c4 c6 3. Nf3 e6 4. Nc3 dxc4 5. a4 Bb4 6. e4 b5 7. Be2 Bb7 8. O-O
Bxc3 9. bxc3 Nf6 10. Qc2 a6 11. Ba3 Nbd7 12. Nd2 Ng8 13. Bxc4 Ne7 14. Bd3 O-O
15. e5 h6 16. Ne4 Nb6 17. Nd6 Qd7 18. a5 Nbd5 19. c4 Nf4 20. Be4 Rfd8 21. g3
Nh3+ 22. Kh1 Ng5 23. Bg2 Nf5 24. f4 Nxd6 25. Bxd6 Nh7 26. c5 Bc8 27. Be4 Nf8
28. Qg2 Bb7 29. g4 Qe8 30. f5 Ra7 31. f6 Ba8 32. h4 g6 33. Qd2 Kh7 34. Ra3 Rad7
35. h5 Rxd6 36. hxg6+ Nxg6 37. Qxh6+ Kg8 38. Qg7# 1-0

[Event "Zonal Oceania 2009"]
[Site "Tweed Heads AUS"]
[Date "2009.06.21"]
[Round "3.19"]
[White "Vlietstra, Marc"]
[Black "Jule, Alexandra"]
[Result "1/2-1/2"]
[WhiteElo "2075"]
[BlackElo "1928"]
[PlyCount "136"]
[EventDate "2009.06.20"]
[EventType "swiss"]
[EventRounds "9"]
[EventCountry "AUS"]
[Source "lmi"]
[SourceDate "2009.06.20"]

1. e4 e6 2. d4 d5 3. Nc3 Nf6 4. e5 Nfd7 5. Bd3 c5 6. f4 Nc6 7. Nf3 f6 8. O-O
Be7 9. Ng5 Nf8 10. Qh5+ g6 11. Qh6 fxg5 12. Qg7 c4 13. Be2 Nxd4 14. fxg5 b5 15.
a3 Bb7 16. Qxh8 Nxc2 17. Rb1 Qb6+ 18. Kh1 d4 19. Qg7 d3 20. Rf7 O-O-O 21. Rxe7
dxe2 22. Bd2 Qc6 23. Rxb7 Qxb7 24. Qxb7+ Kxb7 25. Be1 Nd7 26. Nxe2 Nxe5 27. Bc3
Nd3 28. Bf6 Rd5 29. g3 Rf5 30. Kg1 Rf2 31. Nf4 Rf3 32. Nxe6 Ne3 33. Bd4 Nf5 34.
b3 cxb3 35. Rxb3 Kc6 36. Bxa7 Ne5 37. Rxf3 Nxf3+ 38. Kg2 Ne1+ 39. Kf2 Nc2 40.
Nf8 Nxa3 41. Ke2 Kd5 42. Nxh7 b4 43. Kd2 b3 44. Kc1 Kc4 45. Bf2 Kb4 46. Be1+
Ka4 47. Bc3 Nc4 48. Nf8 Ne7 49. h4 Ka3 50. Nxg6 Nxg6 51. h5 Ne7 52. g6 Ng8 53.
g4 Nd6 54. g5 Nf5 55. Kb1 Ka4 56. Kb2 Nge7 57. Bf6 Ng8 58. Be5 Kb4 59. Bf4 Nge7
60. Bd2+ Kc4 61. Ba5 Kd5 62. Bd8 Ng8 63. Kxb3 Ke6 64. Kc4 Nh4 65. Kd4 Kf5 66.
Kd5 Nxg6 67. hxg6 Kxg6 68. Ke4 Nh6 1/2-1/2

[Event "Zonal Oceania 2009"]
[Site "Tweed Heads AUS"]
[Date "2009.06.21"]
[Round "3.20"]
[White "Stahnke, Alexander"]
[Black "Jones, Brian"]
[Result "0-1"]
[WhiteElo "1795"]
[BlackElo "2062"]
[PlyCount "44"]
[EventDate "2009.06.20"]
[EventType "swiss"]
[EventRounds "9"]
[EventCountry "AUS"]
[Source "lmi"]
[SourceDate "2009.06.20"]

1. d4 d6 2. c4 Nf6 3. Nc3 Nbd7 4. e4 e5 5. d5 Be7 6. Be3 O-O 7. Bd3 Ne8 8. Qc2
Bg5 9. Nd1 g6 10. Nf3 Bxe3 11. Nxe3 Ng7 12. O-O-O Nc5 13. g4 Qf6 14. Ne1 b5 15.
b4 Nxd3+ 16. Nxd3 Qf3 17. Ne1 Qxh1 18. f3 f5 19. Qe2 fxe4 20. Nf1 Rxf3 21. Nd2
Rf4 22. Nef3 exf3 0-1

[Event "Zonal Oceania 2009"]
[Site "Tweed Heads AUS"]
[Date "2009.06.21"]
[Round "3.21"]
[White "Krstev, Antonio"]
[Black "Selnes, Hamish"]
[Result "1/2-1/2"]
[WhiteElo "2056"]
[BlackElo "1921"]
[PlyCount "126"]
[EventDate "2009.06.20"]
[EventType "swiss"]
[EventRounds "9"]
[EventCountry "AUS"]
[Source "lmi"]
[SourceDate "2009.06.20"]

1. d4 d5 2. c4 e6 3. Nc3 Be7 4. Nf3 Nf6 5. e3 O-O 6. Bd3 dxc4 7. Bxc4 c5 8. O-O
Nc6 9. a3 b6 10. dxc5 Qxd1 11. Rxd1 Bxc5 12. b4 Be7 13. Bb2 Bb7 14. Kf1 Rfd8
15. Ke2 Rxd1 16. Rxd1 Rd8 17. Rxd8+ Bxd8 18. h3 Bc7 19. Nb5 Bb8 20. g4 a6 21.
Nbd4 Nxd4+ 22. Bxd4 b5 23. Bd3 Bxf3+ 24. Kxf3 e5 25. Bc5 Nd7 26. Ke4 Nf6+ 27.
Kf3 Nd7 28. Bf5 Nxc5 29. bxc5 Kf8 30. Ke4 g6 31. Bc8 a5 32. Kd5 Ke7 33. Ba6 b4
34. axb4 axb4 35. Kc4 b3 36. Kxb3 f5 37. gxf5 gxf5 38. Kc4 f4 39. e4 Ba7 40.
Kd5 Bb8 41. Be2 Bc7 42. Kc6 Kd8 43. Kd5 Ke7 44. Bg4 Bb8 45. f3 Bc7 46. h4 h6
47. Kc6 Kd8 48. Bf5 Bb8 49. Kb7 Bc7 50. h5 Ba5 51. c6 Bc7 52. Ka6 Bb8 53. Kb6
Bc7+ 54. Kc5 Ke7 55. Kd5 Bb8 56. Kc4 Bc7 57. Kd3 Bb8 58. Ke2 Bc7 59. Kf2 Bb8
60. Kg2 Bc7 61. Kh3 Kf6 62. Kg4 Bb6 63. Bc8 Bc7 1/2-1/2

[Event "Zonal Oceania 2009"]
[Site "Tweed Heads AUS"]
[Date "2009.06.21"]
[Round "3.22"]
[White "Kempen, Leon"]
[Black "Lester, George"]
[Result "1/2-1/2"]
[WhiteElo "2050"]
[BlackElo "1801"]
[PlyCount "103"]
[EventDate "2009.06.20"]
[EventType "swiss"]
[EventRounds "9"]
[EventCountry "AUS"]
[Source "lmi"]
[SourceDate "2009.06.20"]

1. e4 c5 2. Nf3 Nc6 3. Bb5 g6 4. O-O Bg7 5. Re1 e6 6. c3 Nge7 7. Na3 O-O 8. Bf1
d5 9. e5 f6 10. exf6 Bxf6 11. d3 Bd7 12. Bh6 Bg7 13. Bxg7 Kxg7 14. d4 Qb6 15.
dxc5 Qxc5 16. Nc2 e5 17. Nxe5 Qxf2+ 18. Kh1 Bf5 19. Nxc6 Nxc6 20. Bd3 Be4 21.
Bxe4 dxe4 22. Re2 Rad8 23. Nd4 Qf6 24. Rxe4 Rd6 25. Qg1 Nxd4 26. cxd4 Rb6 27.
b3 Rc6 28. Re2 Rd6 29. Rd1 Rd5 30. h3 Rfd8 31. Red2 Qf4 32. Qe1 R8d7 33. Qe6
Qf6 34. Qe4 g5 35. Kg1 h5 36. Rd3 Rf5 37. Qe2 Kh6 38. d5 Re7 39. Re3 Qb6 40.
Rdd3 Rxd5 41. Kf2 Rxd3 42. Qxd3 Rxe3 43. Qxe3 Qf6+ 44. Qf3 Kg6 45. Qxf6+ Kxf6
46. Ke3 Ke5 47. g3 g4 48. hxg4 hxg4 49. a3 b5 50. Kd3 Kd5 51. Ke3 Ke5 52. Kd3
1/2-1/2

[Event "Zonal Oceania 2009"]
[Site "Tweed Heads AUS"]
[Date "2009.06.21"]
[Round "3.29"]
[White "Rachmadi, Herman"]
[Black "Spiller, Paul"]
[Result "0-1"]
[WhiteElo "1842"]
[BlackElo "2005"]
[PlyCount "52"]
[EventDate "2009.06.20"]
[EventType "swiss"]
[EventRounds "9"]
[EventCountry "AUS"]
[Source "lmi"]
[SourceDate "2009.06.20"]

1. d4 c5 2. d5 e5 3. c4 d6 4. Nc3 Nf6 5. Bg5 Be7 6. Qc2 Nxd5 7. Bxe7 Nxe7 8.
O-O-O Nbc6 9. Nb5 Nd4 10. Qd2 O-O 11. e3 Nxb5 12. cxb5 d5 13. Bd3 c4 14. Bxc4
Qc7 15. Kb1 Qxc4 16. Nf3 f6 17. Rc1 Qxb5 18. Rc7 Bf5+ 19. Ka1 Rac8 20. Rhc1
Rxc7 21. Rxc7 Nc6 22. a3 Be6 23. g4 Qb6 24. Rxc6 Qxc6 25. g5 d4 26. Qe2 Qc1#
0-1

[Event "Zonal Oceania 2009"]
[Site "Tweed Heads AUS"]
[Date "2009.06.21"]
[Round "3.30"]
[White "Canfell, Mike"]
[Black "Prasad, Calvin"]
[Result "0-1"]
[WhiteElo "1932"]
[BlackElo "1912"]
[PlyCount "86"]
[EventDate "2009.06.20"]
[EventType "swiss"]
[EventRounds "9"]
[EventCountry "AUS"]
[Source "lmi"]
[SourceDate "2009.06.20"]

1. e4 e6 2. d4 d5 3. Nd2 dxe4 4. Nxe4 Bd7 5. Nf3 Bc6 6. Bd3 Nd7 7. O-O Ngf6 8.
Ng3 Be7 9. b3 O-O 10. c4 b6 11. Bb2 Bb7 12. Qe2 c5 13. Rfd1 Bxf3 14. Qxf3 cxd4
15. Bxd4 Qc7 16. Ne4 Rad8 17. Rac1 Qb8 18. Qe2 Ne5 19. Bxe5 Qxe5 20. Nxf6+ Qxf6
21. Bb1 g6 22. Rxd8 Rxd8 23. Rd1 Bc5 24. Rxd8+ Qxd8 25. g3 Qd4 26. Kg2 e5 27.
Be4 f5 28. Bd5+ Kg7 29. h4 h5 30. Kf1 Kf6 31. Kg2 a5 32. Bc6 e4 33. Be8 Qd3 34.
Kf1 f4 35. Qxd3 exd3 36. Bc6 d2 37. Bf3 Kf5 38. gxf4 Kxf4 39. Bd1 Be7 40. Ke2
Bxh4 41. f3 Be1 42. Bc2 h4 43. Bxg6 h3 0-1

[Event "Zonal Oceania 2009"]
[Site "Tweed Heads AUS"]
[Date "2009.06.21"]
[Round "3.31"]
[White "Sannidhanam, Anurag"]
[Black "Jones, Rupert"]
[Result "1/2-1/2"]
[WhiteElo "1705"]
[BlackElo "1962"]
[PlyCount "70"]
[EventDate "2009.06.20"]
[EventType "swiss"]
[EventRounds "9"]
[EventCountry "AUS"]
[Source "lmi"]
[SourceDate "2009.06.20"]

1. Nf3 Nf6 2. g3 e6 3. Bg2 d5 4. O-O Bd6 5. c4 c6 6. cxd5 cxd5 7. d3 O-O 8. Bg5
h6 9. Bxf6 Qxf6 10. Nc3 Nc6 11. Nb5 Bb8 12. d4 a6 13. Nc3 Ba7 14. e3 b5 15. Rc1
Bd7 16. Ne2 Rfc8 17. Nf4 Qe7 18. Qd2 Bb6 19. a3 b4 20. axb4 Nxb4 21. e4 Bb5 22.
Rfe1 dxe4 23. Rxe4 Rxc1+ 24. Qxc1 g5 25. Nh5 Nd3 26. Qd2 Rc8 27. Ne1 Rc1 28.
Bf1 Rxe1 29. Rxe1 Nxe1 30. Qxe1 Bxd4 31. Bxb5 axb5 32. b4 Qc7 33. Qe4 Qa7 34.
Kg2 Qa1 35. Qc6 Qa7 1/2-1/2

[Event "Zonal Oceania 2009"]
[Site "Tweed Heads AUS"]
[Date "2009.06.21"]
[Round "3.33"]
[White "Hughes, Harry"]
[Black "Jule, Sebastian"]
[Result "0-1"]
[WhiteElo "1554"]
[BlackElo "1847"]
[PlyCount "78"]
[EventDate "2009.06.20"]
[EventType "swiss"]
[EventRounds "9"]
[EventCountry "AUS"]
[Source "lmi"]
[SourceDate "2009.06.20"]

1. c4 c5 2. g3 g6 3. Bg2 Bg7 4. Nf3 e6 5. Nc3 Ne7 6. Qb3 Nbc6 7. d3 O-O 8. Bf4
d6 9. Bd2 Rb8 10. O-O Nd4 11. Qd1 e5 12. e3 Nxf3+ 13. Bxf3 Bh3 14. Bg2 Bxg2 15.
Kxg2 d5 16. cxd5 Nxd5 17. Nxd5 Qxd5+ 18. f3 Qxd3 19. Qc1 Rfd8 20. Rf2 e4 21.
fxe4 Qxe4+ 22. Kg1 Rd3 23. Qxc5 Rbd8 24. Qc2 Bh6 25. Re1 Qd5 26. Ree2 Qxa2 27.
Kg2 Qd5+ 28. Kg1 Qe6 29. Qc5 Rxd2 30. Rxd2 Rxd2 31. e4 Rxf2 32. Kxf2 Qf6+ 33.
Ke1 Qxb2 34. Qxa7 Qb1+ 35. Kf2 Qc2+ 36. Kg1 Qd1+ 37. Kg2 Qe2+ 38. Kh1 Qf3+ 39.
Kg1 Be3+ 0-1